Maquetas inusuales /

Obra que plantea el desarrollo de bocetos y la maquetación en el diseño gráfico como una forma de "investigación visual", central para que el diseño se vaya conviertiendo en una disciplina con estatuto propio, preocupada por seguir experimentando e innovando, en lugar de mantenerse simplemente en la...

Ausführliche Beschreibung

Gespeichert in:
Bibliographische Detailangaben
1. Verfasser: Noble, Ian (autor)
Weitere Verfasser: Bestley, Russell (autor) (autor)
Format: Buch
Sprache:Spanisch
Schlagworte:
Tags: Tag hinzufügen
Keine Tags, Fügen Sie das erste Tag hinzu!

MARC

LEADER 00000nam^a2200000^a^4500
001 000185863
005 20250521000000.0
009 20260310102205.687
020 |a 84-89994-56-0 
037 |a Acervo ITESO - Biblioteca 
041 |a ESP 
082 |a 741. 60287  |b NOB 
100 |a Noble, Ian  |e (autor) 
245 1 0 |a Maquetas inusuales /  |c I. Noble, R. Bestley ; tr. por Traducciones y Tratamiento de la Documentación. 
264 |a Barcelona, España :  |b Index Book,  |c copyright fecha no identificada 
300 |a 160 p. 
336 |a texto  |b txt  |2 rdacontenido 
337 |a sin mediación  |b n  |2 rdamedio 
338 |a volumen  |b nc  |2 rdasoporte 
520 |a Obra que plantea el desarrollo de bocetos y la maquetación en el diseño gráfico como una forma de "investigación visual", central para que el diseño se vaya conviertiendo en una disciplina con estatuto propio, preocupada por seguir experimentando e innovando, en lugar de mantenerse simplemente en la corrección visual. 
649 |a XX 
650 |a Diseñadores Gráficos -  |x Entrevistas 
650 |a Bocetos (Diseño) 
650 |a Dummy (Maqueta) 
650 |a Tipografía 
650 |a Color 
650 |a Diseño Gráfico -  |x Técnica 
650 |a Diseño Gráfico -  |x Teoría 
650 |a Comunicación Visual 
650 |a Pawson, Mark 
650 |a Willberg, Hans Peter 
650 |a Warner, Ian 
700 |a Bestley, Russell  |e (autor) 
910 |a Fondo General 
920 |a Impresos - Libros 
930 |a Reserva Especial 
905 |a 103 
901 |a 0500127000  |b IT1  |c REE  |u 20250521 
902 |a https://opac.biblio.iteso.mx/vufind/Record/000185863